[Event "Ceske Budejovice Open-A 2019"]
[Site "Ceske Budejovice"]
[Date "2019.07.07"]
[Round "9.9"]
[White "Vltavsky, Vladimir"]
[Black "Sykora, Ondrej"]
[Result "1-0"]
[WhiteElo "2179"]
[BlackElo "2065"]
[Annotator "NA"]
[PlyCount "107"]
[EventDate "2019.07.02"]
[EventCountry "CZE"]
[SourceTitle "playchess.com"]
[Source "ChessBase"]
[SourceQuality "1"]
[TimeControl "5400+30"]

1. d4 {[%emt 0:00:00]} d5 {[%emt 0:00:00]} 2. Nf3 {[%emt 0:00:00]} Bg4 {[%emt 0:00:00]} 3. e3 {[%emt 0:00:37]} Nc6 {[%emt 0:00:14]} 4. Be2 {[%emt 0:00:37]} e6 {[%emt 0:04:00]} 5. O-O {[%emt 0:00:35]} Bd6 {[%emt 0:01:19]} 6. b3 {[%emt 0:05:02]} Nce7 {[%emt 0:03:19]} 7. Bb2 {[%emt 0:01:11]} Bxf3 {[%emt 0:00:26]} 8. Bxf3 {[%emt 0:00:11]} f5 {[%emt 0:00:07]} 9. c4 {[%emt 0:00:45]} c6 {[%emt 0:00:06]} 10. Be2 {[%emt 0:02:13]} Nf6 {[%emt 0:00:08]} 11. Nd2 {[%emt 0:00:46]} O-O {[%emt 0:01:38]} 12. f4 {[%emt 0:01:10]} h6 {[%emt 0:00:42]} 13. Nf3 {[%emt 0:00:39]} Ne4 {[%emt 0:00:09]} 14. Ne5 {[%emt 0:01:00]} Kh7 {[%emt 0:03:19]} 15. Bd3 {[%emt 0:02:59]} Bxe5 {[%emt 0:01:36]} 16. dxe5 {[%emt 0:00:20]} c5 {[%emt 0:01:50]} 17. Qe2 {[%emt 0:03:57]} Qc7 {[%emt 0:04:29]} 18. Rac1 {[%emt 0:01:43]} Qa5 {[%emt 0:02:55]} 19. Qc2 {[%emt 0:06:34]} Rac8 {[%emt 0:02:06]} 20. Rcd1 {[%emt 0:01:36]} Rfd8 {[%emt 0:02:53]} 21. Bxe4 {[%emt 0:07:20]} dxe4 {[%emt 0:01:47]} 22. Rd6 {[%emt 0:00:45]} Nc6 {[%emt 0:02:30]} 23. Bc3 {[%emt 0:02:05]} Nb4 {[%emt 0:01:41]} 24. Qd2 {[%emt 0:04:56]} Rxd6 25. exd6 {[%emt 0:03:51]} Rd8 {[%emt 0:06:30]} 26. Rd1 {[%emt 0:03:22]} Qb6 {[%emt 0:04:01]} 27. a3 {[%emt 0:04:00]} Nd3 {[%emt 0:00:23]} 28. Ba5 {[%emt 0:00:08]} Qxd6 {[%emt 0:00:09]} 29. Bxd8 {[%emt 0:00:06]} Qxd8 {[%emt 0:00:11]} 30. b4 {[%emt 0:02:26]} Qc7 {[%emt 0:00:12]} 31. Qc3 {[%emt 0:00:49]} b6 {[%emt 0:00:36]} 32. b5 {[%emt 0:01:46]} Qe7 {[%emt 0:05:41]} 33. Ra1 {[%emt 0:01:26]} e5 {[%emt 0:00:45]} 34. fxe5 {[%emt 0:04:59]} Qg5 {[%emt 0:00:13]} 35. Qd2 {[%emt 0:00:08]} Qe7 {[%emt 0:00:17]} 36. a4 {[%emt 0:03:00]} Qxe5 {[%emt 0:01:05]} 37. Rf1 {[%emt 0:00:08]} g5 {[%emt 0:01:03]} 38. a5 {[%emt 0:00:20]} f4 {[%emt 0:01:38]} 39. axb6 {[%emt 0:00:12]} axb6 {[%emt 0:00:01]} 40. Qa2 {[%emt 0:00:34]} Qe7 {[%emt 0:02:42]} 41. Qe2 {[%emt 0:02:35]} Qe6 {[%emt 0:01:41]} 42. exf4 {[%emt 0:02:14]} gxf4 {[%emt 0:00:50]} 43. g3 {[%emt 0:00:24]} Qxc4 {[%emt 0:03:26]} 44. gxf4 {[%emt 0:00:54]} Qd4+ {[%emt 0:00:07]} 45. Kh1 {[%emt 0:01:42]} e3 {[%emt 0:04:16]} 46. Qf3 {[%emt 0:02:13]} Nf2+ {[%emt 0:02:18]} 47. Kg2 {[%emt 0:00:12]} Qg7+ {[%emt 0:00:09]} 48. Qg3 {[%emt 0:00:20]} Ne4 {[%emt 0:00:54]} 49. Qxg7+ {[%emt 0:00:27]} Kxg7 {[%emt 0:00:04]} 50. Re1 {[%emt 0:00:07]} Nc3 {[%emt 0:00:08]} 51. Rxe3 {[%emt 0:00:10]} Nxb5 {[%emt 0:00:04]} 52. Rb3 {[%emt 0:00:11]} Nd4 {[%emt 0:00:30]} 53. Rxb6 {[%emt 0:00:05]} h5 {[%emt 0:00:32]} 54. Kf2 {[%emt 0:00:23]} 1-0

[Event "Ceske Budejovice Open-A 2019"]
[Site "Ceske Budejovice"]
[Date "2019.07.07"]
[Round "9.10"]
[White "Mulenko, Alexander"]
[Black "Steiner, Juraj"]
[Result "1/2-1/2"]
[WhiteElo "2055"]
[BlackElo "1896"]
[Annotator "NA"]
[PlyCount "38"]
[EventDate "2019.07.02"]
[EventCountry "CZE"]
[SourceTitle "playchess.com"]
[Source "ChessBase"]
[SourceQuality "1"]
[TimeControl "5400+30"]

1. g3 {[%emt 0:00:00]} Nf6 {[%emt 0:00:00]} 2. Bg2 {[%emt 0:00:00]} d5 {[%emt 0:01:23]} 3. c4 {[%emt 0:00:12]} c6 {[%emt 0:00:28]} 4. b3 {[%emt 0:00:12]} Bg4 {[%emt 0:00:59]} 5. Bb2 {[%emt 0:00:18]} e6 {[%emt 0:00:17]} 6. Nf3 {[%emt 0:01:47]} Nbd7 {[%emt 0:06:18]} 7. O-O {[%emt 0:00:16]} Be7 {[%emt 0:00:34]} 8. d3 {[%emt 0:00:25]} O-O {[%emt 0:01:23]} 9. Nbd2 {[%emt 0:00:20]} Nc5 {[%emt 0:01:32]} 10. b4 {[%emt 0:06:50]} Ncd7 {[%emt 0:00:19]} 11. a3 {[%emt 0:01:00]} a5 {[%emt 0:00:46]} 12. Bc3 {[%emt 0:01:36]} c5 {[%emt 0:05:39]} 13. bxc5 {[%emt 0:07:28]} Nxc5 {[%emt 0:01:06]} 14. h3 {[%emt 0:01:25]} Bh5 {[%emt 0:00:37]} 15. g4 {[%emt 0:00:26]} Bg6 {[%emt 0:01:01]} 16. Ne5 {[%emt 0:01:01]} Qd6 {[%emt 0:17:26]} 17. Ndf3 {[%emt 0:03:56]} Nfd7 {[%emt 0:05:25]} 18. Nxg6 {[%emt 0:04:27]} hxg6 {[%emt 0:00:29]} 19. cxd5 {[%emt 0:01:08]} exd5 1/2-1/2

[Event "Ceske Budejovice Open-A 2019"]
[Site "Ceske Budejovice"]
[Date "2019.07.07"]
[Round "9.11"]
[White "Placer, Sebastian"]
[Black "Schmid, Thomas"]
[Result "0-1"]
[WhiteElo "2040"]
[BlackElo "2201"]
[Annotator "NA"]
[PlyCount "48"]
[EventDate "2019.07.02"]
[EventCountry "CZE"]
[SourceTitle "playchess.com"]
[Source "ChessBase"]
[SourceQuality "1"]
[TimeControl "5400+30"]

1. d4 {[%emt 0:00:00]} Nf6 {[%emt 0:00:00]} 2. c4 {[%emt 0:00:00]} g6 {[%emt 0:00:00]} 3. Nc3 {[%emt 0:00:00]} Bg7 {[%emt 0:00:00]} 4. e4 {[%emt 0:00:00]} d6 {[%emt 0:00:00]} 5. Nf3 {[%emt 0:00:22]} O-O {[%emt 0:00:00]} 6. Be2 {[%emt 0:00:13]} e5 {[%emt 0:00:00]} 7. O-O {[%emt 0:00:05]} Nc6 {[%emt 0:00:00]} 8. d5 {[%emt 0:00:21]} Ne7 {[%emt 0:00:01]} 9. Ne1 {[%emt 0:00:36]} Nd7 {[%emt 0:00:13]} 10. Be3 {[%emt 0:00:12]} f5 {[%emt 0:00:11]} 11. f3 {[%emt 0:00:05]} f4 {[%emt 0:00:47]} 12. Bf2 {[%emt 0:00:12]} g5 {[%emt 0:01:14]} 13. g4 {[%emt 0:01:26]} fxg3 {[%emt 0:07:09]} 14. hxg3 {[%emt 0:00:03]} Ng6 {[%emt 0:00:33]} 15. Ng2 {[%emt 0:00:20]} Nf6 {[%emt 0:04:19]} 16. c5 {[%emt 0:00:42]} Rf7 {[%emt 0:01:45]} 17. cxd6 {[%emt 0:00:46]} cxd6 {[%emt 0:00:07]} 18. Ne3 {[%emt 0:00:40]} h5 {[%emt 0:00:58]} 19. Nc4 {[%emt 0:02:47]} Bf8 {[%emt 0:06:13]} 20. Be3 {[%emt 0:01:52]} Nf4 {[%emt 0:01:37]} 21. gxf4 {[%emt 0:05:46]} gxf4 {[%emt 0:00:07]} 22. Bf2 {[%emt 0:08:04]} Rg7+ {[%emt 0:00:18]} 23. Kh1 {[%emt 0:01:15]} Qd7 {[%emt 0:00:42]} 24. Bg1 {[%emt 0:04:40]} Qh3+ {[%emt 0:00:10]} 0-1

[Event "Ceske Budejovice Open-A 2019"]
[Site "Ceske Budejovice"]
[Date "2019.07.07"]
[Round "9.12"]
[White "Brom, Jiri"]
[Black "Glimbrant, Torbjorn"]
[Result "0-1"]
[WhiteElo "2018"]
[BlackElo "2195"]
[Annotator "NA"]
[PlyCount "72"]
[EventDate "2019.07.02"]
[EventCountry "CZE"]
[SourceTitle "playchess.com"]
[Source "ChessBase"]
[SourceQuality "1"]
[TimeControl "5400+30"]

1. d4 {[%emt 0:00:00]} Nf6 {[%emt 0:04:38]} 2. Nf3 {[%emt 0:00:12]} e6 {[%emt 0:00:15]} 3. e3 {[%emt 0:00:23]} d5 {[%emt 0:01:13]} 4. Bd3 {[%emt 0:00:27]} c5 {[%emt 0:01:01]} 5. b3 {[%emt 0:00:14]} cxd4 {[%emt 0:00:48]} 6. exd4 {[%emt 0:00:08]} Bb4+ {[%emt 0:00:29]} 7. c3 {[%emt 0:00:44]} Bd6 {[%emt 0:01:08]} 8. O-O {[%emt 0:01:02]} Nc6 {[%emt 0:00:33]} 9. Re1 {[%emt 0:06:48]} b6 {[%emt 0:03:48]} 10. Bg5 {[%emt 0:05:50]} h6 {[%emt 0:03:43]} 11. Bh4 {[%emt 0:07:40]} Bb7 {[%emt 0:04:23]} 12. Nbd2 {[%emt 0:00:20]} Rc8 {[%emt 0:05:51]} 13. Rc1 {[%emt 0:08:34]} Ba3 {[%emt 0:08:22]} 14. Rc2 {[%emt 0:00:22]} Be7 {[%emt 0:00:11]} 15. Ne5 {[%emt 0:02:48]} Nxe5 {[%emt 0:05:38]} 16. dxe5 {[%emt 0:01:31]} Nd7 {[%emt 0:00:09]} 17. Bxe7 {[%emt 0:02:47]} Qxe7 {[%emt 0:00:08]} 18. c4 {[%emt 0:04:12]} Nc5 {[%emt 0:07:01]} 19. Bf1 {[%emt 0:02:12]} O-O {[%emt 0:00:28]} 20. cxd5 {[%emt 0:00:32]} Bxd5 {[%emt 0:00:17]} 21. b4 {[%emt 0:03:59]} Nd7 {[%emt 0:02:22]} 22. Rxc8 {[%emt 0:00:07]} Rxc8 {[%emt 0:00:06]} 23. Qa4 {[%emt 0:00:25]} Nf8 {[%emt 0:06:48]} 24. g3 {[%emt 0:03:31]} Ng6 {[%emt 0:07:26]} 25. Bg2 {[%emt 0:01:31]} Bxg2 {[%emt 0:00:48]} 26. Kxg2 {[%emt 0:00:03]} Qb7+ {[%emt 0:00:22]} 27. Nf3 {[%emt 0:06:23]} Rc3 {[%emt 0:03:38]} 28. Qd1 {[%emt 0:03:10]} h5 {[%emt 0:19:51]} 29. h4 {[%emt 0:00:55]} Ra3 {[%emt 0:01:01]} 30. Qd8+ {[%emt 0:00:47]} Kh7 {[%emt 0:00:17]} 31. Qd1 {[%emt 0:00:22]} b5 {[%emt 0:01:22]} 32. Re3 {[%emt 0:10:06]} Rxe3 {[%emt 0:00:31]} 33. fxe3 {[%emt 0:00:07]} Nxe5 {[%emt 0:01:37]} 34. Qc2+ {[%emt 0:00:17]} f5 {[%emt 0:03:10]} 35. e4 {[%emt 0:00:25]} Nxf3 {[%emt 0:00:12]} 36. Kxf3 {[%emt 0:00:21]} Kg6 {[%emt 0:01:29]} 0-1

[Event "Ceske Budejovice Open-A 2019"]
[Site "Ceske Budejovice"]
[Date "2019.07.07"]
[Round "9.13"]
[White "Nejdl, Eduard"]
[Black "Malinovsky, Petr"]
[Result "0-1"]
[WhiteElo "1995"]
[BlackElo "2058"]
[Annotator "NA"]
[PlyCount "38"]
[EventDate "2019.07.02"]
[EventCountry "CZE"]
[SourceTitle "playchess.com"]
[Source "ChessBase"]
[SourceQuality "1"]
[TimeControl "5400+30"]

1. e4 {[%emt 0:00:00]} c5 {[%emt 0:00:00]} 2. Nf3 {[%emt 0:00:10]} g6 {[%emt 0:00:00]} 3. Bc4 {[%emt 0:01:41]} Bg7 {[%emt 0:00:45]} 4. O-O {[%emt 0:00:21]} Nc6 {[%emt 0:01:04]} 5. c3 {[%emt 0:03:51]} e6 {[%emt 0:02:16]} 6. d4 {[%emt 0:02:14]} cxd4 {[%emt 0:00:55]} 7. cxd4 d5 8. exd5 {[%emt 0:06:26]} exd5 {[%emt 0:00:11]} 9. Bb5 {[%emt 0:01:23]} Nge7 {[%emt 0:00:54]} 10. Nc3 {[%emt 0:02:35]} O-O {[%emt 0:00:25]} 11. Bg5 {[%emt 0:02:15]} h6 {[%emt 0:01:39]} 12. Bf4 {[%emt 0:06:02]} Bg4 {[%emt 0:00:57]} 13. Be3 {[%emt 0:02:59]} Bxf3 {[%emt 0:08:53]} 14. gxf3 {[%emt 0:03:12]} Nf5 {[%emt 0:02:11]} 15. Bxc6 {[%emt 0:00:30]} bxc6 {[%emt 0:00:16]} 16. Na4 {[%emt 0:00:34]} Re8 {[%emt 0:05:05]} 17. Qd3 {[%emt 0:01:07]} Nh4 {[%emt 0:06:52]} 18. f4 {[%emt 0:00:47]} Qd7 {[%emt 0:10:48]} 19. Kh1 {[%emt 0:06:58]} Qh3 {[%emt 0:04:54]} 0-1

[Event "Ceske Budejovice Open-A 2019"]
[Site "Ceske Budejovice"]
[Date "2019.07.07"]
[Round "9.14"]
[White "Kanka, Matej"]
[Black "Lys, Josef"]
[Result "0-1"]
[WhiteElo "1858"]
[BlackElo "2149"]
[Annotator "NA"]
[PlyCount "42"]
[EventDate "2019.07.02"]
[EventCountry "CZE"]
[SourceTitle "playchess.com"]
[Source "ChessBase"]
[SourceQuality "1"]
[TimeControl "5400+30"]

1. e4 c5 2. Nc3 e6 3. f4 d5 4. e5 Ne7 5. Nf3 Nbc6 6. Be2 Nf5 7. O-O h5 8. Bd3 Nce7 9. Bb5+ Bd7 10. Bxd7+ Qxd7 11. d4 Nc6 12. Ne2 cxd4 13. Nexd4 Bc5 14. c3 Qc7 15. Kh1 Bxd4 16. Nxd4 Ncxd4 17. cxd4 Qc4 18. Bd2 Qxd4 19. Rc1 O-O 20. Rc3 g6 21. g4 hxg4 0-1

[Event "Ceske Budejovice Open-A 2019"]
[Site "Ceske Budejovice"]
[Date "2019.07.07"]
[Round "9.15"]
[White "Kaspar, Jonas"]
[Black "Puncochar, Jiri"]
[Result "0-1"]
[WhiteElo "1890"]
[BlackElo "2014"]
[Annotator "NA"]
[PlyCount "110"]
[EventDate "2019.07.02"]
[EventCountry "CZE"]
[SourceTitle "playchess.com"]
[Source "ChessBase"]
[SourceQuality "1"]
[TimeControl "5400+30"]

1. e4 {[%emt 0:00:00]} e5 {[%emt 0:00:00]} 2. Nf3 {[%emt 0:00:00]} Nc6 {[%emt 0:00:00]} 3. Bb5 {[%emt 0:00:00]} a6 {[%emt 0:00:00]} 4. Ba4 {[%emt 0:00:00]} Nf6 {[%emt 0:00:00]} 5. O-O {[%emt 0:00:00]} Nxe4 {[%emt 0:00:28]} 6. d4 {[%emt 0:00:00]} b5 {[%emt 0:00:05]} 7. Bb3 {[%emt 0:00:04]} d5 {[%emt 0:00:07]} 8. dxe5 {[%emt 0:00:08]} Be6 {[%emt 0:00:05]} 9. c3 {[%emt 0:00:19]} Be7 {[%emt 0:00:21]} 10. Nbd2 {[%emt 0:00:50]} O-O {[%emt 0:01:04]} 11. Bc2 {[%emt 0:01:35]} Bf5 {[%emt 0:03:21]} 12. Nb3 {[%emt 0:02:32]} Bg6 {[%emt 0:02:29]} 13. Be3 {[%emt 0:03:38]} Re8 {[%emt 0:09:33]} 14. Nbd4 {[%emt 0:03:32]} Nxd4 {[%emt 0:02:48]} 15. cxd4 {[%emt 0:01:36]} Qd7 {[%emt 0:05:10]} 16. Qe2 {[%emt 0:02:24]} a5 {[%emt 0:09:28]} 17. a4 {[%emt 0:02:21]} c6 {[%emt 0:03:42]} 18. Rfc1 {[%emt 0:07:19]} Reb8 {[%emt 0:01:18]} 19. Bd3 {[%emt 0:02:58]} bxa4 {[%emt 0:01:24]} 20. Rxa4 {[%emt 0:07:56]} c5 {[%emt 0:00:41]} 21. Rca1 c4 {[%emt 0:01:32]} 22. Bxe4 {[%emt 0:07:10]} Bxe4 {[%emt 0:01:56]} 23. Rxa5 {[%emt 0:00:29]} Rxa5 {[%emt 0:01:07]} 24. Rxa5 {[%emt 0:00:05]} h6 {[%emt 0:00:29]} 25. Bc1 {[%emt 0:02:38]} Qc7 {[%emt 0:04:23]} 26. Ra2 {[%emt 0:03:30]} Qb6 {[%emt 0:00:39]} 27. Qd1 {[%emt 0:04:00]} Qc6 {[%emt 0:18:35]} 28. Bd2 {[%emt 0:03:31]} Bb4 {[%emt 0:07:40]} 29. Bxb4 {[%emt 0:01:15]} Rxb4 {[%emt 0:00:06]} 30. Nd2 {[%emt 0:00:50]} Bg6 {[%emt 0:00:39]} 31. Qc1 {[%emt 0:00:57]} Qb6 {[%emt 0:01:17]} 32. Qc3 {[%emt 0:01:18]} Rb5 {[%emt 0:02:21]} 33. h3 {[%emt 0:01:07]} Bf5 {[%emt 0:05:54]} 34. Kf1 {[%emt 0:05:17]} Bd3+ {[%emt 0:03:50]} 35. Kg1 {[%emt 0:00:54]} Qg6 {[%emt 0:02:51]} 36. Ra5 {[%emt 0:02:43]} Qb6 {[%emt 0:03:54]} 37. Rxb5 {[%emt 0:01:22]} Qxb5 {[%emt 0:00:02]} 38. Qa3 {[%emt 0:00:25]} Qb6 {[%emt 0:02:55]} 39. Nf3 {[%emt 0:01:14]} Be4 {[%emt 0:00:21]} 40. Qc3 {[%emt 0:01:38]} Bxf3 {[%emt 0:02:27]} 41. gxf3 {[%emt 0:00:11]} Qg6+ {[%emt 0:00:42]} 42. Kh2 {[%emt 0:00:29]} Qf5 {[%emt 0:01:28]} 43. Qa3 {[%emt 0:01:58]} Qf4+ {[%emt 0:00:30]} 44. Kg2 {[%emt 0:00:11]} Qxd4 {[%emt 0:00:08]} 45. Qc3 {[%emt 0:03:47]} Qxc3 {[%emt 0:02:40]} 46. bxc3 {[%emt 0:00:08]} d4 {[%emt 0:00:12]} 47. Kf1 {[%emt 0:01:10]} d3 {[%emt 0:00:07]} 48. f4 {[%emt 0:00:13]} g6 {[%emt 0:00:31]} 49. f3 {[%emt 0:00:43]} Kf8 {[%emt 0:00:05]} 50. Kf2 {[%emt 0:00:14]} Ke7 {[%emt 0:00:04]} 51. Ke3 {[%emt 0:00:11]} Ke6 {[%emt 0:00:05]} 52. Kd2 {[%emt 0:00:33]} Kf5 {[%emt 0:00:15]} 53. Ke3 {[%emt 0:00:08]} f6 {[%emt 0:00:46]} 54. exf6 {[%emt 0:00:20]} Kxf6 {[%emt 0:00:02]} 55. h4 {[%emt 0:00:15]} Kf5 {[%emt 0:00:18]} 0-1

[Event "Ceske Budejovice Open-A 2019"]
[Site "Ceske Budejovice"]
[Date "2019.07.07"]
[Round "9.16"]
[White "Vahala, Tomas"]
[Black "Nezval, Filip"]
[Result "0-1"]
[WhiteElo "1774"]
[BlackElo "1860"]
[Annotator "NA"]
[PlyCount "106"]
[EventDate "2019.07.02"]
[EventCountry "CZE"]
[SourceTitle "playchess.com"]
[Source "ChessBase"]
[SourceQuality "1"]
[TimeControl "5400+30"]

1. d4 {[%emt 0:00:00]} Nf6 {[%emt 0:00:00]} 2. c4 {[%emt 0:00:00]} c5 {[%emt 0:00:00]} 3. d5 {[%emt 0:00:20]} b5 {[%emt 0:00:00]} 4. cxb5 {[%emt 0:00:27]} a6 {[%emt 0:00:03]} 5. b6 {[%emt 0:00:28]} d6 {[%emt 0:00:38]} 6. Nc3 {[%emt 0:02:25]} g6 {[%emt 0:03:49]} 7. g3 {[%emt 0:04:52]} Nbd7 {[%emt 0:05:08]} 8. Bg2 {[%emt 0:01:10]} Nxb6 {[%emt 0:00:39]} 9. e4 {[%emt 0:00:52]} Bg7 {[%emt 0:05:02]} 10. Nge2 {[%emt 0:01:35]} O-O {[%emt 0:04:28]} 11. O-O {[%emt 0:00:23]} Bb7 {[%emt 0:05:57]} 12. Rb1 {[%emt 0:19:45]} a5 {[%emt 0:02:23]} 13. a4 {[%emt 0:02:21]} Ne8 {[%emt 0:01:24]} 14. Re1 {[%emt 0:04:10]} Nc7 {[%emt 0:04:09]} 15. Bf4 {[%emt 0:01:54]} Nd7 {[%emt 0:06:38]} 16. Qd2 {[%emt 0:01:15]} Na6 {[%emt 0:05:15]} 17. Bh6 {[%emt 0:01:30]} Nb4 {[%emt 0:00:52]} 18. Bxg7 {[%emt 0:00:19]} Kxg7 {[%emt 0:00:02]} 19. f4 {[%emt 0:01:45]} f6 {[%emt 0:01:45]} 20. h4 {[%emt 0:07:33]} Nb6 {[%emt 0:15:44]} 21. b3 {[%emt 0:01:11]} Bc8 {[%emt 0:10:55]} 22. Rbd1 {[%emt 0:04:28]} c4 {[%emt 0:05:26]} 23. Nd4 {[%emt 0:02:55]} cxb3 {[%emt 0:01:10]} 24. Bf1 {[%emt 0:01:38]} Nc2 {[%emt 0:02:31]} 25. Nxc2 {[%emt 0:02:30]} bxc2 {[%emt 0:00:11]} 26. Qxc2 {[%emt 0:00:06]} Bg4 {[%emt 0:03:42]} 27. Be2 {[%emt 0:01:03]} Bxe2 {[%emt 0:00:53]} 28. Nxe2 {[%emt 0:00:03]} Qd7 {[%emt 0:02:42]} 29. Nd4 {[%emt 0:01:54]} Rfc8 {[%emt 0:01:36]} 30. Nc6 {[%emt 0:00:47]} e6 {[%emt 0:05:08]} 31. Qb3 {[%emt 0:01:49]} exd5 {[%emt 0:01:17]} 32. exd5 {[%emt 0:04:46]} Nxd5 {[%emt 0:01:17]} 33. Qxd5 {[%emt 0:02:00]} Rxc6 {[%emt 0:00:09]} 34. Re7+ {[%emt 0:00:44]} Qxe7 {[%emt 0:00:12]} 35. Qxc6 {[%emt 0:00:01]} Rd8 {[%emt 0:01:28]} 36. Qb6 {[%emt 0:01:29]} Rd7 {[%emt 0:01:05]} 37. Kf2 {[%emt 0:01:19]} d5 {[%emt 0:02:37]} 38. Qxa5 {[%emt 0:00:31]} d4 {[%emt 0:00:31]} 39. Re1 {[%emt 0:01:48]} Qd6 {[%emt 0:01:13]} 40. Qd2 {[%emt 0:01:35]} Rc7 {[%emt 0:01:22]} 41. Rd1 {[%emt 0:01:17]} Rd7 {[%emt 0:00:00]} 42. Qd3 {[%emt 0:00:00]} Qd5 {[%emt 0:00:00]} 43. Qb5 {[%emt 0:00:00]} Qa2+ {[%emt 0:00:00]} 44. Kf3 {[%emt 0:00:00]} Qe6 {[%emt 0:00:00]} 45. Re1 {[%emt 0:00:00]} Qd6 {[%emt 0:00:00]} 46. Ke2 {[%emt 0:00:00]} d3+ {[%emt 0:00:00]} 47. Kd2 {[%emt 0:00:00]} Qd4 {[%emt 0:00:00]} 48. Re3 {[%emt 0:00:00]} Rc7 {[%emt 0:00:00]} 49. Rxd3 {[%emt 0:03:32]} Qf2+ {[%emt 0:00:00]} 50. Kd1 {[%emt 0:00:20]} Qc2+ {[%emt 0:00:00]} 51. Ke1 {[%emt 0:00:05]} Re7+ {[%emt 0:00:00]} 52. Kf1 {[%emt 0:00:33]} Qe2+ {[%emt 0:00:00]} 53. Kg1 {[%emt 0:00:31]} Qe1+ {[%emt 0:00:00]} 0-1

[Event "Ceske Budejovice Open-A 2019"]
[Site "Ceske Budejovice"]
[Date "2019.07.07"]
[Round "9.17"]
[White "Stehlik, Jiri"]
[Black "Asatryan, Manvel"]
[Result "1/2-1/2"]
[WhiteElo "1930"]
[BlackElo "1799"]
[Annotator "NA"]
[PlyCount "40"]
[EventDate "2019.07.02"]
[EventCountry "CZE"]
[SourceTitle "playchess.com"]
[Source "ChessBase"]
[SourceQuality "1"]
[TimeControl "5400+30"]

1. d4 {[%emt 0:11:18]} Nf6 {[%emt 0:00:00]} 2. Nf3 {[%emt 0:00:11]} g6 {[%emt 0:00:02]} 3. Nc3 {[%emt 0:00:26]} d5 {[%emt 0:00:30]} 4. Bf4 {[%emt 0:00:12]} Bg7 {[%emt 0:00:37]} 5. e3 {[%emt 0:00:11]} Bf5 {[%emt 0:02:03]} 6. h3 {[%emt 0:03:16]} c6 {[%emt 0:03:01]} 7. Be2 {[%emt 0:04:59]} O-O {[%emt 0:00:16]} 8. O-O {[%emt 0:01:17]} Re8 {[%emt 0:01:03]} 9. Re1 {[%emt 0:01:47]} h6 {[%emt 0:01:25]} 10. Bh2 {[%emt 0:01:45]} Nbd7 {[%emt 0:00:57]} 11. Nh4 {[%emt 0:01:21]} Kh8 {[%emt 0:03:56]} 12. Nxf5 {[%emt 0:02:28]} gxf5 {[%emt 0:00:01]} 13. Bd3 {[%emt 0:01:27]} e6 {[%emt 0:01:58]} 14. Ne2 {[%emt 0:02:06]} Ne4 {[%emt 0:02:07]} 15. f3 {[%emt 0:00:53]} Ng5 {[%emt 0:00:12]} 16. Nf4 {[%emt 0:01:57]} Nf6 {[%emt 0:01:10]} 17. c3 {[%emt 0:07:11]} Rg8 {[%emt 0:02:20]} 18. Kh1 {[%emt 0:00:31]} Bf8 {[%emt 0:02:27]} 19. Re2 {[%emt 0:06:33]} Bd6 {[%emt 0:00:43]} 20. Qe1 {[%emt 0:00:25]} Qf8 {[%emt 0:08:35]} 1/2-1/2

[Event "Ceske Budejovice Open-A 2019"]
[Site "Ceske Budejovice"]
[Date "2019.07.07"]
[Round "9.18"]
[White "Pavlicek, Adam"]
[Black "Zacek, Petr"]
[Result "1/2-1/2"]
[WhiteElo "1651"]
[BlackElo "1883"]
[Annotator "NA"]
[PlyCount "74"]
[EventDate "2019.07.02"]
[EventCountry "CZE"]
[SourceTitle "playchess.com"]
[Source "ChessBase"]
[SourceQuality "1"]
[TimeControl "5400+30"]

1. d4 {[%emt 0:00:00]} d5 {[%emt 0:00:00]} 2. c4 {[%emt 0:00:00]} e6 {[%emt 0:00:00]} 3. Nc3 {[%emt 0:00:00]} Nf6 {[%emt 0:00:00]} 4. Bg5 {[%emt 0:00:54]} Be7 {[%emt 0:00:08]} 5. e3 {[%emt 0:01:09]} c6 {[%emt 0:00:14]} 6. Nf3 {[%emt 0:03:22]} O-O {[%emt 0:00:15]} 7. Bd3 {[%emt 0:11:01]} Nbd7 {[%emt 0:00:37]} 8. O-O {[%emt 0:03:19]} Re8 {[%emt 0:00:59]} 9. Bf4 {[%emt 0:04:54]} dxc4 10. Bxc4 {[%emt 0:00:20]} Nb6 {[%emt 0:02:19]} 11. Bb3 {[%emt 0:03:37]} Nbd5 {[%emt 0:00:14]} 12. Bxd5 {[%emt 0:10:22]} exd5 {[%emt 0:00:11]} 13. h3 {[%emt 0:10:12]} h6 {[%emt 0:02:29]} 14. Qc2 {[%emt 0:03:23]} Be6 {[%emt 0:02:30]} 15. Nd2 {[%emt 0:07:47]} Rc8 {[%emt 0:03:37]} 16. Nb3 {[%emt 0:11:11]} b6 {[%emt 0:02:02]} 17. Rfd1 {[%emt 0:06:38]} Qd7 {[%emt 0:02:10]} 18. f3 {[%emt 0:02:10]} Bd6 {[%emt 0:01:54]} 19. Bxd6 {[%emt 0:05:30]} Qxd6 {[%emt 0:00:11]} 20. Qf2 {[%emt 0:03:11]} Bf5 {[%emt 0:05:38]} 21. Rac1 {[%emt 0:00:55]} Re6 {[%emt 0:01:57]} 22. Re1 {[%emt 0:01:30]} Rce8 {[%emt 0:02:10]} 23. Nd2 {[%emt 0:04:47]} Qe7 {[%emt 0:02:00]} 24. Nf1 {[%emt 0:00:44]} Nh7 {[%emt 0:04:25]} 25. Ng3 {[%emt 0:01:05]} Bg6 {[%emt 0:00:39]} 26. e4 {[%emt 0:02:27]} f5 {[%emt 0:01:02]} 27. e5 {[%emt 0:01:05]} f4 {[%emt 0:00:37]} 28. Nge2 {[%emt 0:00:16]} Qg5 {[%emt 0:02:42]} 29. h4 {[%emt 0:00:22]} Qf5 {[%emt 0:00:15]} 30. Red1 {[%emt 0:00:41]} Nf8 {[%emt 0:00:38]} 31. a3 {[%emt 0:01:03]} Bh5 {[%emt 0:00:22]} 32. Na2 {[%emt 0:00:45]} Rc8 {[%emt 0:00:27]} 33. Rc3 {[%emt 0:00:56]} Be8 {[%emt 0:04:05]} 34. Nb4 {[%emt 0:00:25]} Rd8 {[%emt 0:33:44]} 35. Rdc1 {[%emt 0:00:23]} c5 {[%emt 0:00:15]} 36. dxc5 {[%emt 0:00:21]} Qxe5 {[%emt 0:05:13]} 37. Nd4 {[%emt 0:00:37]} Rg6 {[%emt 0:02:50]} 1/2-1/2

[Event "Ceske Budejovice Open-A 2019"]
[Site "Ceske Budejovice"]
[Date "2019.07.07"]
[Round "9.19"]
[White "Szotkowski, David"]
[Black "Tajovsky, Matej"]
[Result "1-0"]
[WhiteElo "1869"]
[BlackElo "1779"]
[Annotator "NA"]
[PlyCount "53"]
[EventDate "2019.07.02"]
[EventCountry "CZE"]
[SourceTitle "playchess.com"]
[Source "ChessBase"]
[SourceQuality "1"]
[TimeControl "5400+30"]

1. Nf3 d5 2. c4 e6 3. d4 Nf6 4. cxd5 exd5 5. Bg5 Nbd7 6. Nc3 Be7 7. e3 O-O 8. Bd3 c6 9. O-O Re8 10. h3 Nf8 11. Qc2 Ng6 12. a3 a5 13. Ne5 Ne4 14. Bxe7 Qxe7 15. Nxe4 dxe4 16. Bxe4 Nxe5 17. dxe5 g6 18. f4 f6 19. Qb3+ Be6 20. Qc3 Bf7 21. Bc2 fxe5 22. f5 e4 23. fxg6 hxg6 24. Rxf7 Qxf7 25. Bb3 Re6 26. Rf1 Qe7 27. Rf6 1-0